000 00721cam a22002531 4500
001 30670
003 BD-RjUL
005 20211209051611.0
008 140410s1958 nyua b 001 0 eng
035 _a(BD-RjUL)30757
035 _a(OCoLC)192776
040 _aDLC
_cODaWU
_dOCoLC
_dDLC
_dBD-RjUL
_beng
041 _aeng
082 _a152.7
_bBAP 1958
100 1 _aBartley, S. Howard
_q(Samuel Howard),
_d1901-1988.
_990402
245 1 0 _aPrinciples of perception /
_cS. Howard Bartley
260 _aNew York :
_bHarper,
_c1958.
300 _a482 p. :
_bill. ;
_c25 cm.
504 _aIncludes bibliography and index.
650 0 _aPerception.
_993171
942 _2ddc
_cBK
999 _c30670
_d30670